000 00537nam a22001577a 4500
003 ASAB
005 20180827062832.0
008 180509t xxu||||| |||| 00| 0 eng d
040 _cASAB
100 _aSibgha Noor-sup-Dr. Muhammad Ashraf
_93833
245 _aTH-MS-Cloning and Semi quantitative RT-PCR Analysis of HulFNa-1 gene in Breast Cancer Patients
_cSibgha Noor-sup-Dr. Muhammad Ashraf
260 _aIslamabad
_bASAB (NCVI)
_c2011
300 _axvii, 66 P
_b30 cm
630 _aVirology and Immunology
_93834
942 _2ddc
_cTH
999 _c480817
_d480817